König Sigmund und Johannes Hus
| Titel: | König Sigmund und Johannes Hus |
|---|---|
| Verfasser: | |
| In: |
Das Zeitalter König Sigmunds in Ungarn und im Deutschen Reich, (2000), Seite 145-159 alle Artikel anzeigen |
| Veröffentlicht: | 2000 |
| Format: | Aufsatz |
| Sprache: | Deutsch |
X
alg: 39169585 001A $01999:11-11-16 001B $01999:15-05-21 $t21:02:19.000 001D $01999:11-11-16 001U $0utf8 001X $00 002@ $0Aox 003@ $0391695851 007A $0391695851 $aHEB 007T $0Herd37032 010@ $ager 011@ $a2000 021A $aKönig Sigmund und Johannes Hus 028A $aSchmidt $dTilmann 031A $h145-159 $j2000 039B $aIn $8--Aau--. Das @Zeitalter König Sigmunds in Ungarn und im Deutschen Reich. - Debrecen : Debrecen Univ. Press, 2000. - 218 S.. - ISBN 963-472-451-5 $x200000000000000855 $9100729169 045F $a200.943710902 $eDDC23BSB 045F/01 $a200.9 045F/03 $f0902 045F/03 $g4371 lok: 39169585 78 exp: 39169585 78 1 #EPN 201B/01 $005-07-18 $t23:20:34.000 201U/01 $0utf8 203@/01 $0787790559 208@/01 $a11-11-16 $be 209A/01 $a/ $f000 $x00 220C/01 $aTitelaufnehmer: ek 244Z/01 $#Tschechien $#Tschechische Republik $#Tschechische Republik $#Tschechenland $#Tschechei Tschechien $#Česká Republika $#Czech Republic $#ČR $74303381-7 $8--Tg1--Tschechien $x01 $9086659812 244Z/01 $2Trx $#Böhmen $#Bohemia $#Czechy $8--Trx--Čechy $x02 $9391188941 244Z/01 $aGeschichte 1408-1415 $x03 244Z/01 $#Sigmund$#Siegmund $#Sigismundus $#Sigismundus $#Sigismundus $#Sigismundus Imperator Romae $#Sigmund $#Sigismund $#Sigismund $#Sigismund $#Sigismond $#Zygmunt Luksemburski $#Zikmund Lucemburský $#Zsigmond $#Sigismund $#Siegmund $#Žigmund Luxemburský $#Sigismundus $#Luxemburg, Sigismund von $#Luxemburg, Siegmund von $#Luxemburg, Zikmund von $#Luxemburg, Zsigmond von $#Luksemburški, Žigmund $#Sigismund $#Sigmund $#Sigmund $#Sigismund $#Siegmund $#Sigismundus $7118614185 $8--Tp1--$PSigismund$lHeiliges Römisches Reich, Kaiser$Z1368-1437 $x04 $9086955136 244Z/01 $#Huss, Jan $#Johannes $#Constantius, Paulus $#Hussus, Ioan. $#Hus, Johann $#Hus, Joh. $#Hus, Jean $#Hus, Ian $#Hus, Ioannes $#Hus, Johannis $#Hus, John $#Huss, John $#Hus von Hussinecz, Johannes $#Hussinecz, Johannes Hus von $#Johannes $#Johannes $#Jean $#Huss, Johann $#Huss, Giovanni $#Hus, Iohannes $#Johannes $#Iohannes $#Huss, Johannes $#Jan $#Jean $#Hussinetz, Johannes von $#Jan $#Johannes $#Hus, Johannes $#Johannes $#Hussius, Johannes $#Huß, Johannes $7118554948 $8--Tp1--Hus, Jan$Z1369-1415 $x05 $9086895974 244Z/01 $2Trx $#teoloogid $#teologai $#theologians $#teológusok $#teologowie $#teológovia $#teologové $8--Trx--Theologen $x06 $9391364359 244Z/01 $2Trx $#Konstanzi kirikukogu 1414-1418 $#bažnytiniai susirinkimai $#Council of Constance 1414-1418 $#Konstanzi Zsinat 1414-1418 $#Sobór w Konstancji 1414-1418 $#Koncil kostnický 1414-1418 $#Koncil kostnický 1414-1418 $8--Trx--Konzil von Konstanz$g1414-1418 $x07 $9391360450 244Z/01 $2Trx $#religioonipoliitika $#santykiai, bažnyčios ir valstybės $#relations, church-state $#kapcsolatok, egyházi-állami $#polityka wyznaniowa $#vzťahy cirkevno-štátne $#vztahy církevně-státní $#Staat-Kirche-Verhältnis $#Kirche und Staat $#Repressionen, religiöse $#Beziehungen, kirchlich-staatliche $#Politik und Religion $#Politik Religionspolitik $#polityka i religia $#cirkev a štát $#represálie náboženské $#církev a stát $#represálie náboženské $8--Trx--Religionspolitik $x08 $9391379321 244Z/01 $2Trx $8--Trx--Einzelbeiträge $x09 $9391384570 245Z/01 $a10.02.01 $x01 247C/01 $82080>Marburg/Lahn, Herder-Institut, Forschungsbibliothek, Bibliographieportal $9336309341
| LEADER | 00000caa a22000002c 4500 | ||
|---|---|---|---|
| 001 | 391695851 | ||
| 003 | DE-603 | ||
| 005 | 20210515210219.0 | ||
| 007 | tu | ||
| 008 | 161111s2000 xx |||| | u00||u|ger c | ||
| 035 | |a (DE-599)HEB391695851 | ||
| 040 | |a DE-603 |b ger |c DE-603 |d DE-603 | ||
| 041 | |a ger | ||
| 082 | 0 | 4 | |8 1\u |a 200.943710902 |q DE-101 |2 23/BSB |
| 085 | |8 1\u |b 200.9 | ||
| 085 | |8 1\u |z 1 |s 0902 | ||
| 085 | |8 1\u |z 2 |s 4371 | ||
| 100 | 1 | |a Schmidt, Tilmann | |
| 245 | 0 | 0 | |a König Sigmund und Johannes Hus |
| 264 | 0 | |c 2000 | |
| 773 | 0 | 8 | |i In |t Das Zeitalter König Sigmunds in Ungarn und im Deutschen Reich |d Debrecen : Debrecen Univ. Press, 2000 |h 218 S. |z 9634724515 |g (2000), Seite 145-159 |w (DE-603)100729169 |
| 924 | 0 | |9 2080 |a (DE-603)787790559 |b DE-2080 |c HES |d d |g / | |


